000 00453nam a2200193Ia 4500
008 240510s9999 xx 000 0 und d
020 _a0008126906873
041 _aEng
082 _a004.0151
082 _bN16
100 _aNARAYAN S. : MITTAL P.K.
245 2 _aA TEXTBOOK OF MATRICES
260 _bNEW DELHI : S CHAND & COMPANY
260 _c1953
300 _a304 p.
650 _aMATRICES : MATHEMATICS
942 _2ddc
942 _cLBK
999 _c27031
_d27031
945 _a1
_bMadushi Gamage
_c1
_dMadushi Gamage